1996 1574 1262 1670 1595 1724 1243 1675 1799 1695 1372 1034 1033 1845 1072 1357 1067 1083 1740 1667 1940 1306 1326 1556 1221 1075 1256 1380 1287 1207 1437 1427 1495 1836 1264 1571 1894 1387 1858 1346 1193 1673 1531 1739 1277 1177 1510 1219 1116 1241 1557 1584 1688 1671 1913 1625 1438 1555 1349 1787 1239 1341 1570 1756 1614 1065 1808 1621 1620 1041 1308 1639 1964 1715 1487 1940 1466 1477 1841 1721 1229 1624 1435 1533 1536 1588 1241 1590 1421 1517 1806 1636 1738 1306 1345 1031 1813 1612 1901 BCNSPRNW ULIB Ver.6.0+V

เปลี่ยนเป็นภาษาไทย

Change to English
 แสดงรายละเอียดบรรณานุกรม
  กลับหน้าหลัก

Brief Record : Get Marc (ISO 2709) : E-mail record : QR code < ปิดหน้าต่าง
LEADER : 00000nam 2200000uu 4500
001    13399112261
003     ULIB
008    110802s2552||||th 000 0 tha d
020    9786167115016
050  4 BF1486.T5^bอ598ป 2552
100 0  อาจอง ชุมสาย ณ อยุธยา
245 10 เปิดความคิดชีวิตอัจฉริยะ /^cเรื่อง, อาจอง ชุมสาย ณ อยุธยา; เรียบเรียง, ร่มไม้
250    พิมพ์ครั้งที่ 2
260    กรุงเทพฯ :^bฟรีมายด์,^c2552
300    215 หน้า :^bภาพประกอบ ;^c21 ซม.
600 07 อาจอง ชุมสาย ณ อยุธยา,^d2483-
650  7 ธรรมชาติ^xผลกระทบสิ่งแวดล้อม
650  7 นักวิทยาศาสตร์^zไทย^vชีวประวัติ
650  7 วิทยาศาสตร์^vรวมเรื่อง
650  7 มนุษย์^xผลกระทบสิ่งแวดล้อม
650  7 ศาสนากับวิทยาศาสตร์
653    Open Your Eyes Project
700 0  ร่มไม้
945    ^p195^l0^i17807
945    ^p195^l0^i18587
995     เกษร
999    ^aใช้งานได้ทุกระบบ
รายการนี้ยังไม่มีแท็ก
คุณยังไม่ได้ล็อกอิน คุณสามารถมีกิจกรรมร่วมกับเว็บไซต์ได้ แต่ต้องล็อกอินก่อน ::
  ล็อกอิน

รายการสื่อสารสนเทศ

ลำดับที่ ประเภท เลขเรียก/บาร์โค้ด สถานที่ สถานะ
1. วิทยาศาสตร์การแพทย์ และสุขภาพ
วิทยาศาสตร์การแพทย์ และสุขภาพ
BF1486.T5 อ598ป 2552 ฉ.2 
  Barcode: 18587
ห้องสมุดวิทยาเขตสวรรค์ประชารักษ์
►หนังสือทั่วไป
บนชั้น

รายการใกล้เคียง
    ผู้แต่ง [อาจอง ชุมสาย ณ อยุธยา]

    หัวเรื่อง [ศาสนากับวิทยาศาสตร์]

BibComment


ยังไม่เคยถูกคอมเมนท์

คอมเมนท์ทรัพยากรรายการนี้
  คอมเมนท์: เปิดความคิดชีวิตอ..


 Copyright 2026. Bcnsprnw @Library